Africa's enigma and leadership solutions / (Record no. 8612)
[ view plain ]
| 000 -LEADER | |
|---|---|
| fixed length control field | 00676cam a22002172 4500 |
| 001 - CONTROL NUMBER | |
| control field | 0000018656 |
| 005 - DATE AND TIME OF LATEST TRANSACTION | |
| control field | 20151217152132.0 |
| 008 - FIXED-LENGTH DATA ELEMENTS--GENERAL INFORMATION | |
| fixed length control field | 100225s xx 000 0 eng d |
| 020 ## - INTERNATIONAL STANDARD BOOK NUMBER | |
| International Standard Book Number | 9966805141 |
| 040 ## - CATALOGING SOURCE | |
| Original cataloging agency | KABU |
| Transcribing agency | KABU |
| 100 1# - MAIN ENTRY--PERSONAL NAME | |
| Personal name | Adeyemo, Tokunboh. |
| -- | 0000149033 |
| 245 10 - TITLE STATEMENT | |
| Title | Africa's enigma and leadership solutions / |
| Statement of responsibility, etc. | Tokunboh Adeyemo. |
| 250 ## - EDITION STATEMENT | |
| Edition statement | 1st ed. |
| 260 ## - PUBLICATION, DISTRIBUTION, ETC. (IMPRINT) | |
| Place of publication, distribution, etc. | Nairobi : |
| Name of publisher, distributor, etc. | WordAlive, |
| Date of publication, distribution, etc. | 2009. |
| 300 ## - PHYSICAL DESCRIPTION | |
| Extent | vii, 138 p. |
| 650 #0 - SUBJECT ADDED ENTRY--TOPICAL TERM | |
| Topical term or geographic name as entry element | Public administration |
| Geographic subdivision | Africa. |
| -- | 0000166470 |
| 852 1# - LOCATION | |
| -- | p790 KES |
| 852 1# - LOCATION | |
| -- | p790 KES |
| 908 ## - PUT COMMAND PARAMETER (RLIN) | |
| Put command parameter | 100225 |
| 950 ## - LOCAL HOLDINGS (RLIN) | |
| -- | 1 |
| Withdrawn status | Lost status | Source of classification or shelving scheme | Not for loan | Home library | Current library | Date acquired | Total Checkouts | Full call number | Barcode | Date last seen | Date last checked out | Price effective from | Koha item type |
|---|---|---|---|---|---|---|---|---|---|---|---|---|---|
| Library of Congress Classification | Kabarak, Main Campus | Kabarak, Main Campus | 17/12/2015 | 2 | JQ1875 .A34 2009 c. 3 | 18722 | 07/06/2019 | 03/06/2019 | 17/12/2015 | General Collection | |||
| Library of Congress Classification | Kabarak, Main Campus | Kabarak, Main Campus | 17/12/2015 | 1 | JQ1875 .A34 2009 c. 5 | 014735 | 28/06/2016 | 24/06/2016 | 17/12/2015 | General Collection | |||
| Library of Congress Classification | Kabarak, Main Campus | Kabarak, Main Campus | 17/12/2015 | JQ1875 .A34 2009 c. 4 | 014788 | 17/12/2015 | 17/12/2015 | General Collection | |||||
| Library of Congress Classification | Kabarak, Main Campus | Kabarak, Main Campus | 17/12/2015 | 3 | JQ1875 .A34 2009 c. 2 | 18721 | 16/03/2024 | 25/01/2024 | 17/12/2015 | General Collection | |||
| Library of Congress Classification | Kabarak, Main Campus | Kabarak, Main Campus | 17/12/2015 | JQ1875 .A34 2009 c. 1 | 18720 | 17/12/2015 | 17/12/2015 | Africana Collection |